مكتبة جامعة عجلون الوطنية

فهرس بحث المكتبة

Normal view MARC view
  • Oliva, Ralph A. , M.Dean LaMont , Linda R. Fowler

Entry Personal Name

Number of records used in: 1

001 - CONTROL NUMBER

  • control field: 5851

003 - CONTROL NUMBER IDENTIFIER

  • control field: JO-AjAnu

005 - DATE AND TIME OF LATEST TRANSACTION

  • control field: 20230606071242.0

008 - FIXED-LENGTH DATA ELEMENTS

  • fixed length control field: 230606|| aca||aabn | a|a d

040 ## - CATALOGING SOURCE

  • Original cataloging agency: JO-AjAnu
  • Transcribing agency: JO-AjAnu

100 ## - HEADING--PERSONAL NAME

  • Personal name: Oliva, Ralph A. , M.Dean LaMont , Linda R. Fowler

670 ## - SOURCE DATA FOUND

  • Source citation: Work cat.: (JO-AjAnu)3032: Oliva, Ralph A. , M.Dean LaMont , Linda R. Fowler, author, The Great International ‘‘ MATH ON KEYS ’’ BOOK